000 00438nam a2200181Ia 4500
008 230524s9999 xx 000 0 und d
020 _a9788175965454
082 _a4.622
_bSFB
100 _aNasir S.F.B.
245 2 _aA Text Book on Automata Theory
250 _aIST
260 _aNEW DELHI
_bFoundation
_c2009
300 _aVII;601
500 _aQuantity Number: 30
650 _aComp-Sc
700 _a P.K.Srimani
942 _cBK
999 _c46345
_d46345